000 00376nam a22001577a 4500
003 MPLRDC
005 20220104143724.0
008 210129b ||||| |||| 00| 0 eng d
082 _a868.71 CXF-4
100 _a陈雪风
245 _a是诗?非诗论争辑
_c
260 _a
_b野草出版社
_c1976
300 _b
650 _a马华文学
942 _cBK
_o868.71 CXF-4
999 _c42695
_d42685